00685nam a2200265Ia 450000500170000000800460001702000180006303700100008104000080009104000080009904000080010704100080011504100080012308400080013110000260013924500340016526000230019926000090022236500050023136500080023685600530024494200100029799900210030795200910032820260324114314.0008 260324s9999 xx 000 0 eng d a9781003318712 aEBOOK aCRL beng cCRL 2eng aeng qCRL aMark Hunacek91146271 0aIntroduction to Number Theory bTaylor and Francis c2023 a b210 uhttp://www.taylorfrancis.com/books/9781003318712 cEBOOK c1740352d1740352 00104070aCRLbCRLd2026-03-24l0pCL2022568r2026-03-24 11:43:14w2026-03-24yEBOOK